| Tag |
First Indicator |
Second Indicator |
Subfields |
| LEADER |
00000cam a2200000 a 4500 |
| 001 |
in00000015377 |
| 005 |
20151007053040.0 |
| 008 |
880404s1988 cau 00100 eng d |
| 010 |
|
|
|a 85644750
|
| 020 |
|
|
|a 1555429165 (pbk.)
|
| 035 |
|
|
|a (OCoLC)17730048
|
| 035 |
|
|
|9 AAB0194AM
|
| 040 |
|
|
|a PGP
|c PGP
|d TXA
|d UtOrBLW
|
| 043 |
|
|
|a a-cc---
|
| 049 |
|
|
|a TXAM
|c [A11049925]
|
| 050 |
|
4 |
|a LC5257.C6
|b C55 1988
|
| 245 |
0 |
0 |
|a China, lessons from practice /
|c Wang Maorong [and others] editors.
|
| 264 |
|
1 |
|a San Francisco :
|b Jossey-Bass,
|c [1988]
|
| 264 |
|
4 |
|c ©1988
|
| 300 |
|
|
|a 130 pages ;
|c 23 cm.
|
| 336 |
|
|
|a text
|b txt
|2 rdacontent
|
| 337 |
|
|
|a unmediated
|b n
|2 rdamedia
|
| 338 |
|
|
|a volume
|b nc
|2 rdacarrier
|
| 490 |
1 |
|
|a New directions for continuing education,
|x 0195-2242 ;
|v no. 37
|
| 490 |
1 |
|
|a Paperback sourcebooks in the Jossey-Bass higher education series
|
| 500 |
|
|
|a Includes index.
|
| 650 |
|
0 |
|a Adult education
|z China.
|
| 700 |
1 |
|
|a Wang, Maorong.
|
| 830 |
|
0 |
|a New directions for adult and continuing education ;
|v no. 37.
|
| 830 |
|
0 |
|a Jossey-Bass higher education series.
|
| 999 |
|
|
|a MARS
|
| 999 |
f |
f |
|s b58c6cb2-859c-3d80-8e6f-c227c9c5fe07
|i 5ef473d1-8676-3f61-97f4-b8ef17eeb984
|t 0
|
| 952 |
f |
f |
|p normal
|a Texas A&M University
|b College Station
|c Sterling C. Evans Library
|d Evans: Library Stacks
|t 0
|e LC5257.C6 C55 1988
|h Library of Congress classification
|i unmediated -- volume
|m A14811049925
|
| 998 |
f |
f |
|a LC5257.C6 C55 1988
|t 0
|l Evans: Library Stacks
|